000 00412nam a2200157Ia 4500
008 230711s9999||||xx |||||||||||||| ||und||
041 _aENG
082 _a621
_bBH-B
100 _aBhargava,N N
245 0 _aBasic electronics and linear circuits
250 _a1st . Ed.
260 _c1992
_aNew Delhi
_bTata McGraw Hill Education Limited
650 _aElectronics Engineering
700 _aGupta,S.C
942 _cBK
999 _c122
_d122